| 000 | 00869nam a22002897a 4500 | ||
|---|---|---|---|
| 001 | BR9902936 | ||
| 003 | BR-BrBNA | ||
| 005 | 20230928100445.0 | ||
| 007 | ta | ||
| 008 | 230509b bl.||||| |||| 00| 0 por d | ||
| 040 |
_aBR-BrBNA _bpor _cBiblioteca Nacional de Agricultura |
||
| 041 | _a(Por) | ||
| 072 |
_aF01 _b1540 |
||
| 090 | _ 1540 BR9902936 | ||
| 100 | 1 | _aViana, A.E.S. | |
| 110 | 1 |
_aUniversidade Federal de Vicosa, MG (Brasil) _0Tese (Magister Scientiae) |
|
| 245 | 1 | _aEfeito do armazenamento de ramas, posicao de plantio e tamanho da maniva sobre a cultura de mandioca (Manihot esculenta Crantz) | |
| 260 | 3 |
_aVicosa, MG (Brasil): _c1995. |
|
| 300 | _a70 p. | ||
| 500 | _a72 ref.; 36 tables | ||
| 650 | _aMandioca | ||
| 650 | _aProducao Vegetal | ||
| 650 | _aPlantio | ||
| 650 | _aManiva | ||
| 909 |
_a202309 _bLucia _c55 _dLucia Elande |
||
| 942 | _cBK | ||
| 999 |
_c61395 _d61395 |
||